Embedded software design (Record no. 38176)

MARC details
000 -LEADER
fixed length control field 00539nam a2200169Ia 4500
022 ## - INTERNATIONAL STANDARD SERIAL NUMBER
ISSN 13837621
050 ## - CALL MARK
Classification number TK 7895.E42. E43/
245 #0 - TITLE STATEMENT
Title Embedded software design
260 ## - PUBLICATION, DISTRIBUTION, ETC. (IMPRINT)
Place of publication United kingdom
260 ## - PUBLICATION, DISTRIBUTION, ETC. (IMPRINT)
Name of publisher Elsevier
260 ## - PUBLICATION, DISTRIBUTION, ETC. (IMPRINT)
Year of publication 2010
300 ## - PHYSICAL DESCRIPTION
Number of Pages 452 p. :ill. 28 cm.
650 ## - SUBJECT ADDED ENTRY--TOPICAL TERM
Topical Term Embedded computer systems--Design and construction. Computer software--Development. Multiprocessors. Systems on a chip. C++ (Computer program language)
942 ## - ADDED ENTRY ELEMENTS (KOHA)
Koha item type Serials

No items available.